| 000 | 00690nam a22002177a 4500 | ||
|---|---|---|---|
| 005 | 20251108164215.0 | ||
| 008 | 250721s1990 xx 000 0 ara d | ||
| 082 | 1 | 4 | _a211.7/بنت |
| 100 | 1 | _aبنت الشاطىء، عائشة عبد الرحمن | |
| 245 | 1 | 0 | _aالتفسير البياني للقرآن الكريم / |
| 250 | _aط7. | ||
| 264 | 1 |
_aالقاهرة : _bدار المعارف، _c1990. |
|
| 300 | _a216ص. | ||
| 490 | 0 | _aمكتبة الدراسات لأدبية ؛ 25 | |
| 650 | 1 | 7 | _aالقرآن الكريم |
| 650 | 1 | 7 | _aألفاظ القرآن |
| 650 | 1 | 7 | _aمعاني القرآن |
| 650 | 1 | 7 | _aأحكام القرآن |
| 942 |
_2ddc _cBK |
||
| 999 |
_c6351 _d6351 |
||